Prefixes and Their Meanings - Statistics

General Stats
  • This quiz has been taken 22 times
  • The average score is 8 of 16
Answer Stats
Hint Answer % Correct
pre before
100%
ante- before, earlier
100%
post- after, later
91%
ambi- both
73%
omni- all, every
68%
contro, cantra- against, opposite
64%
inter- between, among
64%
il, im, in, ir- not, without
64%
ex- out of, form
55%
a-, an-, without, not, lacking
41%
trans- across, through
32%
sym-, syn- together
32%
com-, con- together, with
32%
en- within
14%
dis- apart, away
5%
extra- beyond, outside
5%
No matching quizzes found
Score Distribution
Percent of People with Each Score
Percentile by Number Answered
Your Score History
You have not taken this quiz